| 000 | 00362nam a2200145Ia 4500 | ||
|---|---|---|---|
| 008 | 240624s9999 xx 000 0 und d | ||
| 041 | _aeng | ||
| 082 | _a332.6 DEM | ||
| 100 | _aDEMARIA CYRIL | ||
| 245 | _aINTRODUCTION TO PRIVATE EQUITY VENTURE G | ||
| 250 | _a(2nd ed.) | ||
| 260 |
_c2018 _aNew Delhi _bWiley |
||
| 300 | _axvi, 392 p.; 23 cm. | ||
| 365 | _cRS | ||
| 999 |
_c31867 _d31867 |
||